000 00640nam a2200277Ia 4500
005 20260324134448.0
008 008 260324s9999 xx 000 0 eng d
020 _a9781351306201
037 _aEBOOK
040 _aCRL
040 _beng
040 _cCRL
041 _2eng
041 _aeng
084 _qCRL
100 _aHans L. Zetterberg
_91196902
245 0 _aSocial Theory and Social Practice
260 _bTaylor and Francis
260 _c2002
365 _a
365 _b145
856 _uhttp://www.taylorfrancis.com/books/9781351306201
942 _cEBOOK
999 _c1797033
_d1797033